[Event "7th EUR-ch"]
[Site "Kusadasi TUR"]
[Date "2006.04.13"]
[Round "9.32"]
[White "Gashimov, Vugar"]
[Black "Iskusnyh, Sergei"]
[Result "1-0"]
[WhiteElo "2659"]
[BlackElo "2510"]
[EventDate "2006.04.04"]
[PlyCount "79"]

1.e4 c5 2.Nc3 d6 3.d4 cxd4 4.Qxd4 Nc6 5.Bb5 Bd7 6.Bxc6 Bxc6 7.Bg5 Nf6 8.
O-O-O e6 9.f4 h6 10.Bh4 Be7 11.Nf3 O-O 12.Rhe1 Qb6 13.Qd3 Rfe8 14.f5 e5 
15.Bxf6 Bxf6 16.Nd5 Bxd5 17.Qxd5 Red8 18.Kb1 a5 19.Qb3 Qc6 20.Rd5 Ra6 21.
Qd3 Rc8 22.Rd1 Qa4 23.c3 Rb6 24.Qc2 Qc6 25.R1d3 a4 26.h4 a3 27.b3 h5 28.g3
Qc7 29.Nd2 Rc6 30.Nc4 Be7 31.Rb5 Rxc4 32.bxc4 Qxc4 33.Rb4 Qa6 34.Rb3 Rc4 
35.Rd5 Qa7 36.Qe2 Qg1+ 37.Kc2 Rc8 38.Qf3 Qa1 39.Rxa3 b5 40.Rd1 1-0

[Event "7th EUR-ch"]
[Site "Kusadasi TUR"]
[Date "2006.04.13"]
[Round "9.35"]
[White "Stevic, Hrvoje"]
[Black "Kacheishvili, Giorgi"]
[Result "0-1"]
[WhiteElo "2502"]
[BlackElo "2605"]
[EventDate "2006.04.04"]
[PlyCount "172"]

1.e4 c6 2.d4 d5 3.Nc3 dxe4 4.Nxe4 Bf5 5.Ng3 Bg6 6.N1e2 e6 7.Nf4 Bd6 8.h4 
Bxf4 9.Bxf4 h6 10.c3 Nf6 11.Qb3 Nd5 12.Bd2 Qc7 13.c4 Nf6 14.Qa3 Nbd7 15.
Be2 c5 16.Be3 O-O 17.dxc5 a5 18.O-O Rac8 19.Rfd1 Nxc5 20.Bxc5 Qxc5 21.Qxc5
Rxc5 22.Rd6 Rfc8 23.b3 Kf8 24.Rb6 Rb8 25.Bf3 Rc7 26.Ne2 Nd7 27.Rb5 b6 28.
Rd1 Ke7 29.h5 Bh7 30.Rd2 Rbc8 31.Nc3 Rc5 32.Rxd7+ Kxd7 33.Rxb6 Ke7 34.Nb5 
Rd8 35.Ra6 Bc2 36.Rxa5 Bd1 37.Ra7+ Kf6 38.Nc3 Bxf3 39.gxf3 Rxh5 40.c5 Kg6 
41.b4 Rh4 42.c6 Rxb4 43.c7 Rc8 44.a4 Rc4 45.Nb5 Rc6 46.Rb7 Kf6 47.a5 Ke7 
48.Na7 Rc1+ 49.Kg2 R8xc7 50.a6 Kf6 51.Nb5 R7c6 52.a7 Ra1 53.Nc7 Rxc7 54.
Rxc7 g5 55.Kg3 h5 56.Kh3 Kg6 57.Re7 Kf6 58.Rb7 e5 59.Kg3 Kg6 60.Re7 f6 61.
Rb7 Ra3 62.Kg2 g4 63.fxg4 hxg4 64.Re7 Kf5 65.Rf7 e4 66.Rb7 Kf4 67.Rf7 f5 
68.Kf1 Ra2 69.Kg1 Kg5 70.Re7 Kf6 71.Rb7 f4 72.Rb4 Ke5 73.Rb7 g3 74.fxg3 f3
75.Rf7 Kd4 76.g4 Ke3 77.g5 Ke2 78.g6 Rxa7 79.Rxa7 f2+ 80.Kh2 f1=Q 81.Ra2+ 
Kf3 82.g7 Qc4 83.Rg2 Qg8 84.Rg3+ Ke2 85.Kg2 e3 86.Rg5 Kd2 0-1

[Event "7th EUR-ch"]
[Site "Kusadasi TUR"]
[Date "2006.04.13"]
[Round "9.36"]
[White "Perez Candelario, Manuel"]
[Black "Van den Doel, Erik"]
[Result "0-1"]
[WhiteElo "2511"]
[BlackElo "2579"]
[EventDate "2006.04.04"]
[PlyCount "100"]

1.e4 e5 2.Nf3 Nc6 3.Bb5 a6 4.Ba4 Nf6 5.O-O Be7 6.Re1 b5 7.Bb3 O-O 8.d4 d6 
9.c3 Bg4 10.d5 Na5 11.Bc2 c6 12.h3 Bc8 13.dxc6 Qc7 14.Nbd2 Qxc6 15.Nf1 Be6
16.Ng3 Rfe8 17.Ng5 Bd7 18.a4 h6 19.Nf3 Be6 20.Nh4 Nc4 21.Nhf5 Bf8 22.Qf3 
Nh7 23.Nh5 Kh8 24.Qg3 g6 25.b3 Nb6 26.Nxh6 bxa4 27.bxa4 Bxh6 28.Bxh6 Rg8 
29.Ng7 Rxg7 30.Bxg7+ Kxg7 31.Qd3 a5 32.Rab1 Nd7 33.Red1 Ra6 34.Qe2 Nhf6 
35.Bd3 Ra7 36.Qe3 Rc7 37.Ra1 Nc5 38.Bb5 Qxe4 39.Rxd6 Qxe3 40.fxe3 Nb3 41.
Rad1 Rxc3 42.R1d3 Rc1+ 43.Kh2 Nc5 44.Ra3 Nce4 45.Ra6 Nh5 46.g4 Rc2+ 47.Kg1
Ng5 48.e4 Nf4 49.Rxa5 Ngxh3+ 50.Kf1 Rc1# 0-1

[Event "7th EUR-ch"]
[Site "Kusadasi TUR"]
[Date "2006.04.13"]
[Round "9.37"]
[White "Heberla, Bartlomiej"]
[Black "Mchedlishvili, Mikheil"]
[Result "1/2-1/2"]
[WhiteElo "2497"]
[BlackElo "2567"]
[EventDate "2006.04.04"]
[PlyCount "88"]

1.e4 c6 2.d4 d5 3.f3 Qb6 4.Nc3 dxe4 5.Bc4 Nf6 6.Qe2 Qxd4 7.Be3 Qd8 8.fxe4 
Bg4 9.Nf3 e6 10.O-O Nbd7 11.Qf2 Bd6 12.Rad1 Qc7 13.Rxd6 Qxd6 14.e5 Nxe5 
15.Nxe5 Qxe5 16.Bd4 Qc7 17.Bxf6 gxf6 18.Qxf6 Rf8 19.Ne4 Bf5 20.Rxf5 exf5 
21.Nd6+ Kd7 22.Nxf7 Rxf7 23.Qxf7+ Kd6 24.Qf6+ Kc5 25.Bd3 Qd7 26.Qe5+ Kb6 
27.b4 a5 28.Qc5+ Kc7 29.bxa5 Rd8 30.Qb6+ Kb8 31.a6 Qd4+ 32.Qxd4 Rxd4 33.
axb7 h6 34.Bxf5 Kxb7 35.Bd3 Kc7 36.Kf2 Ra4 37.Kf3 Kd6 38.g4 Ke5 39.h4 Rxa2
40.g5 h5 41.Bg6 Ra3+ 42.Ke2 Rh3 43.Bxh5 Rxh4 44.Be8 c5 1/2-1/2

[Event "7th EUR-ch"]
[Site "Kusadasi TUR"]
[Date "2006.04.13"]
[Round "9.38"]
[White "Predojevic, Borki"]
[Black "Iljushin, Alexei"]
[Result "1/2-1/2"]
[WhiteElo "2566"]
[BlackElo "2483"]
[EventDate "2006.04.04"]
[PlyCount "43"]

1.e4 c5 2.Nf3 e6 3.d4 cxd4 4.Nxd4 a6 5.Nc3 b5 6.Bd3 Qb6 7.Nb3 Qc7 8.O-O 
Bb7 9.Be3 Nf6 10.f4 d6 11.e5 dxe5 12.fxe5 Nd5 13.Bd4 Nb4 14.Be4 N8c6 15.
Bf2 Nxe5 16.Bg3 Bxe4 17.Nxe4 Be7 18.Qh5 Qb6+ 19.Bf2 Qc7 20.Bg3 Qb6+ 21.Bf2
Qc7 22.Bg3 1/2-1/2

[Event "7th EUR-ch"]
[Site "Kusadasi TUR"]
[Date "2006.04.13"]
[Round "9.40"]
[White "Aroshidze, Levan"]
[Black "Svetuschin, Dumitru"]
[Result "0-1"]
[WhiteElo "2498"]
[BlackElo "2552"]
[EventDate "2006.04.04"]
[PlyCount "114"]

1.e4 c5 2.Nf3 d6 3.d4 cxd4 4.Nxd4 Nf6 5.Nc3 g6 6.Be3 Bg7 7.f3 Nc6 8.Qd2 
O-O 9.Bc4 Bd7 10.O-O-O Rc8 11.Bb3 Nxd4 12.Bxd4 b5 13.e5 dxe5 14.Bxe5 Bc6 
15.Qxd8 Rfxd8 16.a4 a6 17.axb5 axb5 18.Rxd8+ Rxd8 19.Rd1 Bh6+ 20.Kb1 Rxd1+
21.Nxd1 Nd7 22.Bc7 Kg7 23.Nc3 e6 24.Na2 Kf6 25.Nb4 Bb7 26.c3 Bf8 27.Nd3 e5
28.Nf2 Ke7 29.Ne4 f5 30.Nd6 Ba6 31.Bd5 Nc5 32.Bc6 b4 33.cxb4 Bd3+ 34.Kc1 
Na6 35.Nc8+ Ke6 36.Ba5 Nxb4 37.Ba8 e4 38.fxe4 fxe4 39.Nb6 e3 40.Bxb4 Bxb4 
41.Nd5 Bd2+ 42.Kd1 Ke5 43.Nc3 Kd4 44.Ne2+ Kc5 45.Nf4 Bc4 46.Be4 Kd4 47.Bc2
Bf1 48.g3 Bc4 49.Ne2+ Ke5 50.Nf4 Bb5 51.Bd3 Bd7 52.Ke2 g5 53.Ng2 Kd4 54.
Bxh7 Bg4+ 55.Kf1 Bh3 56.Bg6 Bxg2+ 57.Ke2 g4 0-1

[Event "7th EUR-ch"]
[Site "Kusadasi TUR"]
[Date "2006.04.13"]
[Round "9.44"]
[White "Kosintseva, Tatiana"]
[Black "Winants, Luc"]
[Result "0-1"]
[WhiteElo "2489"]
[BlackElo "2530"]
[EventDate "2006.04.04"]
[PlyCount "80"]

1.e4 e5 2.Nf3 Nc6 3.Bb5 Nf6 4.d3 Bc5 5.O-O d6 6.d4 exd4 7.Nxd4 Bd7 8.Bxc6 
bxc6 9.Bg5 h6 10.Bh4 O-O 11.Nc3 Re8 12.Re1 Rb8 13.Nb3 Bb6 14.Kh1 Ng4 15.
Qxg4 Bxg4 16.Bxd8 Rbxd8 17.f3 Bc8 18.Na4 Bf2 19.Re2 Bh4 20.Na5 Bd7 21.Rd1 
f5 22.e5 Rb8 23.Nc5 Bc8 24.Nd3 c5 25.g3 Bf6 26.Rde1 dxe5 27.Nxe5 Rxb2 28.
Nd3 Rxe2 29.Rxe2 Rb1+ 30.Kg2 Kf7 31.Nxc5 Bd4 32.Nab3 Rg1+ 33.Kh3 f4+ 34.g4
Be3 35.Ne4 h5 36.Rg2 Rd1 37.Kh4 hxg4 38.fxg4 Bb7 39.Ng5+ Kg6 40.Re2 Rd8 
0-1

[Event "7th EUR-ch"]
[Site "Kusadasi TUR"]
[Date "2006.04.13"]
[Round "9.45"]
[White "Esen, Baris"]
[Black "Jankovic, Alojzije"]
[Result "1-0"]
[WhiteElo "2429"]
[BlackElo "2516"]
[EventDate "2006.04.04"]
[PlyCount "61"]

1.d4 Nf6 2.c4 e6 3.Nf3 Bb4+ 4.Nbd2 O-O 5.a3 Be7 6.e3 c5 7.Bd3 d5 8.O-O 
cxd4 9.exd4 dxc4 10.Nxc4 b5 11.Nce5 a6 12.Bg5 Bb7 13.Rc1 Nd5 14.Bd2 f6 15.
Ng4 Qd6 16.Qc2 f5 17.Nge5 Rc8 18.Qxc8+ Bxc8 19.Rxc8+ Bf8 20.Rfc1 Ra7 21.
Bb1 a5 22.Ba2 Nb6 23.Rxb8 Qxb8 24.Nc6 Qa8 25.Bxe6+ Kh8 26.Nxa7 Qxa7 27.Ne5
g6 28.d5 Na4 29.Be3 Bc5 30.Bxc5 Nxc5 31.Nc6 1-0

[Event "7th EUR-ch"]
[Site "Kusadasi TUR"]
[Date "2006.04.13"]
[Round "9.48"]
[White "Narciso Dublan, Marc"]
[Black "Weiss, Christian"]
[Result "1-0"]
[WhiteElo "2510"]
[BlackElo "2437"]
[EventDate "2006.04.04"]
[PlyCount "57"]

1.e4 c6 2.d4 d5 3.Nd2 dxe4 4.Nxe4 Bf5 5.Nc5 Nd7 6.Nxb7 Qb6 7.Nc5 Nxc5 8.
dxc5 Qxc5 9.c3 Nf6 10.Be2 e5 11.Nf3 Qa5 12.O-O Rd8 13.Nd2 Be7 14.Nc4 Qc7 
15.Qa4 Nd5 16.Qa5 Qxa5 17.Nxa5 Kd7 18.f4 Nxf4 19.Bxf4 exf4 20.Rxf4 Be6 21.
Bf3 c5 22.Nc6 Bd6 23.Ra4 Rc8 24.Rd1 Kc7 25.Rxa7+ Kb6 26.Rxd6 Rxc6 27.Rxc6+
Kxa7 28.Rxc5 Rd8 29.a4 1-0

[Event "7th EUR-ch"]
[Site "Kusadasi TUR"]
[Date "2006.04.13"]
[Round "9.49"]
[White "Itkis, Boris"]
[Black "Vuilleumier, Alex"]
[Result "1-0"]
[WhiteElo "2490"]
[BlackElo "2354"]
[EventDate "2006.04.04"]
[PlyCount "141"]

1.e4 e5 2.Nf3 Nc6 3.Bc4 Bc5 4.c3 Nf6 5.d3 a6 6.O-O d6 7.Bb3 Ba7 8.Nbd2 O-O
9.Re1 Ng4 10.Re2 Kh8 11.h3 Nh6 12.Nf1 f5 13.Bxh6 gxh6 14.N1h2 Qf6 15.Qd2 
Qg7 16.Kh1 Ne7 17.Nh4 fxe4 18.dxe4 Bd7 19.a4 Rf6 20.g4 Ng6 21.Nf5 Qf8 22.
Nf1 Nf4 23.N1g3 h5 24.f3 h4 25.Nxh4 Qh6 26.Nh5 Nxh5 27.Qxh6 Rxh6 28.gxh5 
Rxh5 29.Nf5 Rf8 30.Kg2 Bxf5 31.exf5 Rfxf5 32.Re4 Rhg5+ 33.Rg4 h5 34.Rxg5 
Rxg5+ 35.Kh2 Kg7 36.Be6 Be3 37.Re1 Bf4+ 38.Kh1 Kf6 39.Bc8 Rg3 40.Rf1 a5 
41.Bxb7 Rxh3+ 42.Kg1 h4 43.b4 Bd2 44.bxa5 Bxc3 45.a6 Bd4+ 46.Kg2 Rg3+ 47.
Kh2 Kf5 48.Rc1 Rg7 49.Rc4 Ba7 50.Bd5 c5 51.Rxh4 Kf6 52.Rh8 Kf5 53.Rf8+ Kg5
54.Bc4 Rd7 55.Bd5 Rg7 56.Kg2 Rd7 57.Kf1 Bb6 58.Ke2 c4 59.Rc8 Bc5 60.Kd2 
Kf4 61.Kc3 Ke3 62.Rxc5 dxc5 63.Bb7 Rd3+ 64.Kxc4 Ra3 65.Kb5 c4 66.a7 c3 67.
a8=Q c2 68.Qc8 Kd2 69.a5 Rd3 70.Qxc2+ Kxc2 71.Be4 1-0

[Event "7th EUR-ch"]
[Site "Kusadasi TUR"]
[Date "2006.04.13"]
[Round "9.50"]
[White "Williams, Simon"]
[Black "Yeke, Serkan"]
[Result "1/2-1/2"]
[WhiteElo "2478"]
[BlackElo "2252"]
[EventDate "2006.04.04"]
[PlyCount "74"]

1.d4 d5 2.c4 c6 3.Nc3 Nf6 4.Nf3 dxc4 5.e4 b5 6.e5 Nd5 7.a4 h6 8.axb5 Nxc3 
9.bxc3 cxb5 10.Nd2 Be6 11.f4 Bd5 12.f5 Qd7 13.Qg4 e6 14.fxe6 Qxe6 15.Qg3 
Qg6 16.Qxg6 fxg6 17.Be2 Nd7 18.Nf1 Nb6 19.Ne3 Be4 20.Ra6 Be7 21.Bf3 Bxf3 
22.gxf3 O-O 23.Ke2 b4 24.d5 Bg5 25.d6 Rae8 26.Ra5 Bf4 27.Ng4 h5 28.Bxf4 
Rxf4 29.Ne3 Nd7 30.Ng2 Rf5 31.f4 g5 32.Rxa7 gxf4 33.Rxd7 f3+ 34.Kf2 fxg2+ 
35.Kxg2 bxc3 36.Rc7 Rexe5 37.d7 Re2+ 1/2-1/2

[Event "7th EUR-ch"]
[Site "Kusadasi TUR"]
[Date "2006.04.13"]
[Round "9.51"]
[White "Safarli, Eltaj"]
[Black "Kovacevic, Blazimir"]
[Result "1/2-1/2"]
[WhiteElo "2417"]
[BlackElo "2468"]
[EventDate "2006.04.04"]
[PlyCount "55"]

1.e4 e6 2.d4 d5 3.Nc3 Nf6 4.e5 Nfd7 5.f4 c5 6.Nf3 Nc6 7.Be3 Qb6 8.Na4 Qa5+
9.c3 c4 10.b4 Qc7 11.Be2 Be7 12.O-O f5 13.exf6 Nxf6 14.Ne5 O-O 15.Bf3 Bd6 
16.Qc2 Ne7 17.Rae1 b6 18.Nb2 Bd7 19.a4 Rac8 20.Nxd7 Qxd7 21.g3 Rce8 22.Nd1
Nf5 23.Nf2 b5 24.a5 g6 25.Re2 a6 26.Rfe1 Re7 27.Qb1 Qe8 28.Bd2 1/2-1/2

[Event "7th EUR-ch"]
[Site "Kusadasi TUR"]
[Date "2006.04.13"]
[Round "9.52"]
[White "Steingrimsson, Hedinn"]
[Black "Vehi Bach, Victor"]
[Result "1-0"]
[WhiteElo "2447"]
[BlackElo "2335"]
[EventDate "2006.04.04"]
[PlyCount "147"]

1.Nf3 c5 2.c4 g6 3.e4 Bg7 4.d4 cxd4 5.Nxd4 Nc6 6.Be3 Nf6 7.Nc3 O-O 8.Be2 
d6 9.O-O Bd7 10.Qd2 Nxd4 11.Bxd4 Bc6 12.f3 a5 13.b3 Nd7 14.Be3 Nc5 15.Rab1
Be5 16.Rfe1 e6 17.Bg5 f6 18.Be3 Qe7 19.Rf1 f5 20.exf5 gxf5 21.a3 a4 22.b4 
Nb3 23.Qd3 Qf6 24.Na2 Qh4 25.f4 Be4 26.Qd1 Bxb1 27.fxe5 Bxa2 28.exd6 Qe4 
29.Bb6 Qc6 30.Bf2 Rad8 31.c5 Qd5 32.Bf3 Qxd1 33.Rxd1 Rf7 34.Bh4 Rdd7 35.
Bxb7 Rxb7 36.c6 Rbd7 37.Bg3 Rf8 38.Kf2 f4 39.Bh4 Rff7 40.Be7 Rdxe7 41.dxe7
Rxe7 42.Rd7 Kf7 43.c7 Rxd7 44.c8=Q Ke7 45.Qc4 Rd2+ 46.Ke1 Rxg2 47.Qc7+ Kf6
48.Qxf4+ Kg7 49.Qe5+ Kf7 50.Qh5+ Kg7 51.Qe5+ Kf7 52.Qe4 Rg1+ 53.Kf2 Rf1+ 
54.Kg2 Rf5 55.Qc2 Rd5 56.Kg3 Rd2 57.Qxh7+ Kf6 58.h4 Ke5 59.Qg7+ Ke4 60.
Qg4+ Kd5 61.Qf3+ Kd4 62.Qf6+ Kd5 63.Qd8+ Ke5 64.Qc7+ Kd5 65.b5 Nd4 66.b6 
Nf5+ 67.Kg4 Nd6 68.b7 Rd4+ 69.Kg5 Nxb7 70.Qxb7+ Kc4 71.h5 Bb3 72.Qc6+ Kd3 
73.h6 Rd5+ 74.Qxd5+ 1-0

[Event "7th EUR-ch"]
[Site "Kusadasi TUR"]
[Date "2006.04.13"]
[Round "9.53"]
[White "Rogic, Davor"]
[Black "Guliev, Logman"]
[Result "1-0"]
[WhiteElo "2540"]
[BlackElo "2384"]
[EventDate "2006.04.04"]
[PlyCount "137"]

1.e4 c5 2.Nf3 d6 3.d4 cxd4 4.Nxd4 Nf6 5.Nc3 a6 6.Be3 e6 7.a4 Be7 8.Be2 O-O
9.f4 Nc6 10.O-O Qc7 11.Kh1 Bd7 12.Nb3 Nb4 13.Bf3 Bc6 14.a5 Rfe8 15.Rf2 h5 
16.Bb6 Qc8 17.Qd4 d5 18.e5 Nd7 19.Bxh5 Bb5 20.Nxb5 axb5 21.Raf1 g6 22.Bd1 
Qc4 23.Qe3 Bh4 24.g3 Be7 25.Bd4 Nc6 26.Be2 Qxc2 27.Bxb5 Qe4+ 28.Qxe4 dxe4 
29.Be3 Red8 30.Ra1 Nb4 31.Rd2 Nd5 32.Bd4 Nb8 33.Re2 Nc6 34.Rxe4 Ncb4 35.
Bf2 Nc7 36.Bf1 Ncd5 37.Rc4 g5 38.fxg5 Kg7 39.h4 Nc6 40.Re4 Ndb4 41.Bb6 Rd5
42.Bc4 Rd7 43.Kh2 Nd3 44.Bxd3 Rxd3 45.Re3 Rad8 46.Rae1 R8d5 47.Rxd3 Rxd3 
48.Re3 Nxe5 49.Rxd3 Nxd3 50.Bd4+ Kg6 51.g4 e5 52.Bc3 e4 53.Nd4 Bc5 54.Kg2 
Nf4+ 55.Kg3 Nd3 56.Nf5 Bf2+ 57.Kg2 Bc5 58.Ng3 Nf2 59.b4 Ba7 60.b5 Bc5 61.
Be1 Nd3 62.Bd2 e3 63.Bc3 Nf4+ 64.Kf3 Nd5 65.Ne4 Ba7 66.h5+ Kh7 67.Nf6+ 
Nxf6 68.Bxf6 Bc5 69.Be5 1-0

[Event "7th EUR-ch"]
[Site "Kusadasi TUR"]
[Date "2006.04.13"]
[Round "9.55"]
[White "Saric, Ivan"]
[Black "Blatny, Pavel"]
[Result "1-0"]
[WhiteElo "2393"]
[BlackElo "2495"]
[EventDate "2006.04.04"]
[PlyCount "159"]

1.e4 b6 2.d4 Bb7 3.Bd3 g6 4.Nf3 Bg7 5.Nc3 d6 6.Be3 e6 7.Qd2 h6 8.h4 Ne7 9.
O-O-O Nd7 10.Ng1 a6 11.f4 b5 12.h5 gxh5 13.e5 d5 14.Rxh5 Nb6 15.g4 b4 16.
Nb1 a5 17.f5 exf5 18.gxf5 Bf8 19.Nf3 Nc4 20.Qe2 Ba6 21.f6 Nc6 22.b3 Nxe3 
23.Bxa6 Nxd1 24.Bb5 Qd7 25.e6 fxe6 26.Ne5 Nxe5 27.Bxd7+ Nxd7 28.Qxe6+ Kd8 
29.Kxd1 Bd6 30.f7 Rf8 31.Rh3 Bf4 32.Rf3 Bg5 33.Rf5 c6 34.Qxc6 Ke7 35.Nd2 
Rad8 36.Nf3 Rxf7 37.Rxf7+ Kxf7 38.Qxd5+ Kg6 39.Qe6+ Bf6 40.Nh4+ Kg5 41.
Nf3+ Kg6 42.Ke2 Kg7 43.Qg4+ Kh8 44.Nh4 Nf8 45.Ng6+ Nxg6 46.Qxg6 Bg5 47.Kd3
Rf8 48.d5 Rf6 49.Qe8+ Kg7 50.Kc4 Rf2 51.Qe5+ Kg8 52.d6 Rxc2+ 53.Kb5 Rxa2 
54.Qd5+ Kg7 55.d7 Re2 56.Qxg5+ hxg5 57.d8=Q Re5+ 58.Kc4 Rf5 59.Kd4 Kg6 60.
Ke4 Rf4+ 61.Ke3 Rh4 62.Kf3 Rf4+ 63.Kg3 Rh4 64.Qxa5 Rf4 65.Qe5 Rh4 66.Qe6+ 
Kg7 67.Qf5 Kh6 68.Qf7 Rf4 69.Qxf4 gxf4+ 70.Kxf4 Kg7 71.Ke4 Kf7 72.Kd4 Ke7 
73.Kc4 Kd7 74.Kxb4 Kc6 75.Ka5 Kb7 76.Kb5 Ka7 77.Kc6 Ka6 78.b4 Ka7 79.b5 
Kb8 80.Kb6 1-0

[Event "7th EUR-ch"]
[Site "Kusadasi TUR"]
[Date "2006.04.13"]
[Round "9.56"]
[White "Soltanici, Ruslan"]
[Black "Lopez Martinez, Josep Manuel"]
[Result "1-0"]
[WhiteElo "2323"]
[BlackElo "2481"]
[EventDate "2006.04.04"]
[PlyCount "80"]

1.e4 c5 2.Nf3 e6 3.d4 cxd4 4.Nxd4 a6 5.Nc3 Qc7 6.Bd3 Nf6 7.O-O Bc5 8.Nb3 
Be7 9.f4 d6 10.a4 Nc6 11.Qf3 Nd7 12.Be3 b6 13.Kh1 Bb7 14.Qh3 Nc5 15.f5 
Nxb3 16.cxb3 Ne5 17.Be2 exf5 18.Rac1 Qd7 19.exf5 O-O 20.Bxb6 Rab8 21.Bd4 
Bf6 22.Qg3 Qe7 23.b4 Bh4 24.Qh3 Bg5 25.Rcd1 Bf6 26.b5 axb5 27.Bxb5 Ba8 28.
Rfe1 Qc7 29.Qg3 Kh8 30.Ne4 Rfd8 31.Nxf6 gxf6 32.Qh4 Qe7 33.Bf2 Rbc8 34.Rd2
Rg8 35.Bg3 Rg5 36.Qd4 Rxf5 37.Qxd6 Qxd6 38.Rxd6 Kg7 39.Rd2 h5 40.Rde2 Rd8 
1-0

[Event "7th EUR-ch"]
[Site "Kusadasi TUR"]
[Date "2006.04.13"]
[Round "9.57"]
[White "Arlandi, Ennio"]
[Black "Erdogdu, Mert"]
[Result "0-1"]
[WhiteElo "2453"]
[BlackElo "2375"]
[EventDate "2006.04.04"]
[PlyCount "96"]

1.d4 Nf6 2.c4 g6 3.Nc3 Bg7 4.e4 d6 5.Nf3 O-O 6.Be2 e5 7.O-O Nc6 8.d5 Ne7 
9.Nd2 a5 10.a3 Bd7 11.Rb1 a4 12.b4 axb3 13.Nxb3 b6 14.Ra1 Qe8 15.Be3 Kh8 
16.f3 Nh5 17.Nb5 Qd8 18.a4 Nf4 19.a5 bxa5 20.Rxa5 Rxa5 21.Nxa5 Qa8 22.Bd2 
f5 23.Kh1 Qb8 24.Re1 fxe4 25.fxe4 Nxe2 26.Qxe2 Ng8 27.Be3 Nf6 28.Bg1 Nh5 
29.Rb1 Qd8 30.Nc6 Qc8 31.Nba7 Bg4 32.Qc2 Qd7 33.Rb8 Nf4 34.Qb2 Kg8 35.
Rxf8+ Bxf8 36.Nb5 Be2 37.Be3 Qg4 38.Bxf4 Qxf4 39.Qb1 Bxc4 40.Nxc7 Bd3 41.
Qe1 Bxe4 42.h3 Bf5 43.Nd8 Qc4 44.Ne8 Be7 45.Nc6 Kf7 46.Nc7 Bh4 47.Qd2 Qf1+
48.Kh2 Bf2 0-1

[Event "7th EUR-ch"]
[Site "Kusadasi TUR"]
[Date "2006.04.13"]
[Round "9.58"]
[White "Haznedaroglu, Kivanc"]
[Black "Erturan, Yakup"]
[Result "1/2-1/2"]
[WhiteElo "2455"]
[BlackElo "2353"]
[EventDate "2006.04.04"]
[PlyCount "34"]

1.e4 e5 2.Nf3 Nf6 3.Nxe5 d6 4.Nf3 Nxe4 5.d4 d5 6.Bd3 Nc6 7.O-O Be7 8.c4 
Nb4 9.Be2 O-O 10.Nc3 Bf5 11.a3 Nxc3 12.bxc3 Nc6 13.cxd5 Qxd5 14.Be3 Bf6 
15.c4 Qd7 16.Ra2 Rad8 17.d5 Ne7 1/2-1/2

[Event "7th EUR-ch"]
[Site "Kusadasi TUR"]
[Date "2006.04.13"]
[Round "9.59"]
[White "Logothetis, Sotirios"]
[Black "Atakisi, Umut"]
[Result "1-0"]
[WhiteElo "2298"]
[BlackElo "2419"]
[EventDate "2006.04.04"]
[PlyCount "111"]

1.Nf3 Nf6 2.c4 c6 3.Nc3 d5 4.e3 g6 5.d4 Bg7 6.Be2 O-O 7.O-O dxc4 8.Bxc4 
Bg4 9.h3 Bxf3 10.Qxf3 Nbd7 11.Rd1 Qa5 12.Bd2 Qf5 13.Qe2 Qh5 14.e4 Nb6 15.
Bd3 e5 16.dxe5 Qxe5 17.f4 Qe7 18.Be3 Rfe8 19.Qf2 Rad8 20.e5 Nfd5 21.Bc5 
Qc7 22.Ne4 f6 23.exf6 Nxf6 24.Bxb6 axb6 25.Bc4+ Nd5 26.Nc3 Bxc3 27.bxc3 
Re4 28.Rd4 Rxd4 29.Qxd4 b5 30.Bb3 Qg7 31.Rd1 Qxd4+ 32.Rxd4 Ra8 33.Kh2 Kg7 
34.Bxd5 cxd5 35.Rxd5 Rxa2 36.Rxb5 Ra7 37.Kg3 Kf6 38.Rb6+ Ke7 39.Kg4 Kd7 
40.g3 Kc7 41.Rf6 Ra3 42.Rf7+ Kc6 43.Rxh7 Rxc3 44.Rh6 b5 45.Rxg6+ Kc5 46.
Rg8 Kd6 47.Rb8 Rc5 48.Rd8+ Kc7 49.Rd4 Kb6 50.f5 Rc8 51.f6 Kc5 52.Rf4 b4 
53.f7 Rf8 54.Kg5 b3 55.Kg6 b2 56.Rf1 1-0

[Event "7th EUR-ch"]
[Site "Kusadasi TUR"]
[Date "2006.04.13"]
[Round "9.60"]
[White "Saric, Ante"]
[Black "Simeonidis, Ioannis"]
[Result "1-0"]
[WhiteElo "2474"]
[BlackElo "2307"]
[EventDate "2006.04.04"]
[PlyCount "53"]

1.d4 Nf6 2.c4 e6 3.Nf3 c5 4.d5 b5 5.Bg5 exd5 6.cxd5 d6 7.e3 a6 8.a4 b4 9.
Bd3 Be7 10.Bxf6 Bxf6 11.Qc2 Bb7 12.e4 Nd7 13.Nbd2 Ne5 14.Nxe5 Bxe5 15.O-O 
O-O 16.f4 Bd4+ 17.Kh1 f5 18.Nf3 Qf6 19.Nxd4 Qxd4 20.Rad1 Qf6 21.e5 dxe5 
22.fxe5 Qxe5 23.Rfe1 Qf6 24.Qc4 Qxb2 25.Rb1 Qc3 26.Qxc3 bxc3 27.Rxb7 1-0

[Event "7th EUR-ch"]
[Site "Kusadasi TUR"]
[Date "2006.04.13"]
[Round "9.61"]
[White "Kosintseva, Nadezhda"]
[Black "Yagiz, Yasin Emrah"]
[Result "0-1"]
[WhiteElo "2469"]
[BlackElo "2320"]
[EventDate "2006.04.04"]
[PlyCount "80"]

1.e4 e5 2.Nf3 Nc6 3.Bb5 a6 4.Ba4 d6 5.O-O Bd7 6.c3 Nge7 7.d4 Ng6 8.d5 Nb8 
9.Bxd7+ Nxd7 10.c4 Be7 11.Nc3 O-O 12.g3 Qc8 13.Ne1 f5 14.exf5 Rxf5 15.Nd3 
Nf6 16.f3 h5 17.Be3 Qd7 18.Qe2 Rf8 19.Ne4 c6 20.Nxf6+ Bxf6 21.dxc6 bxc6 
22.Rad1 Qf7 23.b3 Bg5 24.Bxg5 Rxg5 25.Nf2 d5 26.cxd5 cxd5 27.Qd2 Nh4 28.
Nh3 Rg6 29.f4 Rd8 30.Qa5 Qd7 31.Ng5 Nf5 32.Nf3 Nxg3 33.hxg3 Rxg3+ 34.Kf2 
exf4 35.Rg1 Rxf3+ 36.Kxf3 Qh3+ 37.Kxf4 Rf8+ 38.Ke5 Qe3+ 39.Kd6 Rf6+ 40.Kd7
Qe6+ 0-1

[Event "7th EUR-ch"]
[Site "Kusadasi TUR"]
[Date "2006.04.13"]
[Round "9.62"]
[White "Zueger, Beat"]
[Black "Makolli, Perparim"]
[Result "1/2-1/2"]
[WhiteElo "2433"]
[BlackElo "2251"]
[EventDate "2006.04.04"]
[PlyCount "36"]

1.c4 e5 2.Nc3 Nf6 3.Nf3 Nc6 4.g3 d5 5.cxd5 Nxd5 6.Bg2 Nb6 7.O-O Be7 8.a3 
Be6 9.b4 O-O 10.Rb1 f6 11.d3 Nd4 12.Nd2 Nd5 13.Bb2 Nxc3 14.Bxc3 Bd5 15.Bh3
c5 16.bxc5 Bxc5 17.Bxd4 Bxd4 18.Qc2 Qe7 1/2-1/2

[Event "7th EUR-ch"]
[Site "Kusadasi TUR"]
[Date "2006.04.13"]
[Round "9.63"]
[White "Lanzani, Mario"]
[Black "Duman, Aydin"]
[Result "1-0"]
[WhiteElo "2347"]
[BlackElo "2241"]
[EventDate "2006.04.04"]
[PlyCount "99"]

1.e4 c5 2.b3 d6 3.Bb2 Nf6 4.Qe2 Nc6 5.Nf3 g6 6.e5 dxe5 7.Nxe5 Nxe5 8.Bxe5 
Bg7 9.Qb5+ Qd7 10.Qxc5 O-O 11.Qd4 Qc6 12.Qc4 Qb6 13.Bc7 Qe6+ 14.Qxe6 Bxe6 
15.Be5 Rac8 16.Bd3 Nd5 17.Bxg7 Kxg7 18.c4 Nb4 19.Be4 Bf5 20.Bxf5 gxf5 21.
Na3 Rc5 22.Ke2 Re5+ 23.Kf3 Rd8 24.d4 Rxd4 25.Rhd1 Nd3 26.g3 Ra5 27.Ke3 
Re4+ 28.Kxd3 Rxa3 29.Re1 Rxe1 30.Rxe1 Kf6 31.Re2 e5 32.c5 Ke6 33.Kc4 h5 
34.h4 f6 35.Rd2 Ra5 36.a4 Ra6 37.Rd1 Rc6 38.b4 f4 39.gxf4 exf4 40.Rd4 Ke5 
41.Rd7 Ke4 42.Rxb7 Kf3 43.Kd5 Rc8 44.c6 Kxf2 45.Rf7 f3 46.Rxf6 Ke2 47.b5 
f2 48.a5 Rd8+ 49.Ke6 Rh8 50.Rxf2+ 1-0

[Event "7th EUR-ch"]
[Site "Kusadasi TUR"]
[Date "2006.04.13"]
[Round "9.64"]
[White "Almond, Richard"]
[Black "Aleskerov, Faik"]
[Result "0-1"]
[WhiteElo "2093"]
[BlackElo "2325"]
[EventDate "2006.04.04"]
[PlyCount "60"]

1.d4 c5 2.d5 e5 3.e4 d6 4.a4 Be7 5.Na3 Nf6 6.Bd3 O-O 7.Ne2 Ne8 8.Ng3 g6 9.
O-O Ng7 10.f4 exf4 11.Bxf4 Nd7 12.Nc4 Nb6 13.Nd2 Bf6 14.a5 Bd4+ 15.Kh1 g5 
16.axb6 gxf4 17.Rxf4 Be5 18.Rf2 Bxg3 19.hxg3 Qxb6 20.Qg1 Nh5 21.Rf3 Bg4 
22.Re3 Qxb2 23.e5 dxe5 24.Nc4 Qd4 25.Nxe5 f5 26.c3 Nxg3+ 27.Rxg3 Qxe5 28.
Qh2 Qg7 29.Ra4 Rae8 30.Qh4 Rf6 0-1

[Event "7th EUR-ch"]
[Site "Kusadasi TUR"]
[Date "2006.04.13"]
[Round "9.65"]
[White "Can, Emre"]
[Black "Ziska, Helgi Dam"]
[Result "0-1"]
[WhiteElo "2286"]
[BlackElo "2306"]
[EventDate "2006.04.04"]
[PlyCount "62"]

1.e4 c5 2.Nf3 d6 3.d4 cxd4 4.Nxd4 Nf6 5.Nc3 a6 6.Bg5 e6 7.f4 Nc6 8.Nxc6 
bxc6 9.e5 h6 10.Bh4 g5 11.fxg5 Nd5 12.Ne4 Qb6 13.Bd3 hxg5 14.Bg3 dxe5 15.
Bxe5 Rh6 16.Qf3 g4 17.Qe2 f6 18.Bg3 e5 19.Bf2 Qa5+ 20.Nd2 Nf4 21.Qf1 Rb8 
22.Be3 Nd5 23.Bxh6 Bxh6 24.Qf2 Be3 25.Bg6+ Ke7 26.Qe2 Nf4 27.Qd1 Nxg6 28.
g3 Rxb2 29.Ke2 Qc3 30.Rc1 Bxd2 31.Qxd2 Qf3+ 0-1

[Event "7th EUR-ch"]
[Site "Kusadasi TUR"]
[Date "2006.04.14"]
[Round "10.1"]
[White "Belov, Vladimir"]
[Black "Kozul, Zdenko"]
[Result "1/2-1/2"]
[WhiteElo "2599"]
[BlackElo "2606"]
[EventDate "2006.04.04"]
[PlyCount "29"]

1.e4 c5 2.Nf3 Nc6 3.Bb5 a6 4.Bxc6 dxc6 5.d3 Qc7 6.Nbd2 a5 7.a4 e5 8.Nc4 f6
9.Nh4 Be6 10.O-O O-O-O 11.Qe1 b6 12.Qc3 Ne7 13.Qb3 Bxc4 14.Qxc4 Kb7 15.Nf3
1/2-1/2

[Event "7th EUR-ch"]
[Site "Kusadasi TUR"]
[Date "2006.04.14"]
[Round "10.4"]
[White "Izoria, Zviad"]
[Black "Arutinian, David"]
[Result "1-0"]
[WhiteElo "2647"]
[BlackElo "2532"]
[EventDate "2006.04.04"]
[PlyCount "123"]

1.Nf3 Nf6 2.c4 e6 3.Nc3 Bb4 4.Qc2 O-O 5.a3 Bxc3 6.Qxc3 b6 7.e3 Bb7 8.Be2 
d6 9.O-O Nbd7 10.b4 c5 11.Bb2 Qc7 12.d4 a5 13.Nd2 axb4 14.axb4 Rxa1 15.
Rxa1 Ra8 16.Rxa8+ Bxa8 17.f3 Qa7 18.Qa3 Qxa3 19.Bxa3 Bc6 20.Kf2 Kf8 21.h4 
Ke7 22.g4 h6 23.Nb1 Ne8 24.Nc3 Nc7 25.b5 Bb7 26.Na4 Na8 27.Bd3 e5 28.d5 
Nf8 29.f4 f6 30.Bf5 g6 31.Bd3 Bc8 32.Kg3 Kf7 33.Bb2 Bd7 34.Kf3 h5 35.g5 
Bg4+ 36.Kg3 exf4+ 37.Kxf4 f5 38.Bf6 Nd7 39.Bb2 Nc7 40.Bc3 Bd1 41.Nb2 Bg4 
42.Bf1 Ne8 43.Nd3 Bd1 44.Nf2 Bc2 45.Bd3 Bxd3 46.Nxd3 Ke7 47.Bb2 Kf7 48.Ba1
Ke7 49.Bc3 Kf7 50.Nf2 Ke7 51.e4 fxe4 52.Nxe4 Kf7 53.Ba1 Ke7 54.Bb2 Kf7 55.
Bf6 Kf8 56.Bd8 Kf7 57.Nf6 Ne5 58.Bxb6 Nxc4 59.Bd8 Ng7 60.Ke4 Nf5 61.Kd3 
Ne5+ 62.Ke4 1-0